Zhodnotenie zahraničnej zadlženosti SR a plnenia dlhovej služby v 1. polroku 2003

Vývoj zahraničnej zadlženosti a hrubý zahraničný dlh SR k 30.6.2003. Dlhodobý zahraničný dlh vlády SR, NBS, vládnych agentúr a obcí. Krátkodobý zahraničný dlh. Plnenie zahraničnej dlhovej služby.

Salvato in:
Dettagli Bibliografici
Autore principale: Kyjac, Pavol
Natura: Capitolo di libro
Lingua:slovacco
Soggetti:
Tags: Aggiungi Tag
Nessun Tag, puoi essere il primo ad aggiungerne!!

MARC

LEADER 00000naa$a2200000$$$4500
001 0003864
005 20221128110449.8
041 0 |a slo 
044 |a SK 
245 1 0 |a Zhodnotenie zahraničnej zadlženosti SR a plnenia dlhovej služby v 1. polroku 2003  |c aut. Pavol Kyjac 
520 |a Vývoj zahraničnej zadlženosti a hrubý zahraničný dlh SR k 30.6.2003. Dlhodobý zahraničný dlh vlády SR, NBS, vládnych agentúr a obcí. Krátkodobý zahraničný dlh. Plnenie zahraničnej dlhovej služby. 
610 2 0 |a Slovensko 
610 2 0 |a zadlženosť zahraničná 
610 2 0 |a dlhy štátne 
610 2 0 |a 2003 
100 1 |a Kyjac, Pavol